[Event "English Schools Championship Final 2024"]
[Site "Nottingham University Kings Meadow Campus, United Kingdom"]
[Date "2024.06.27"]
[Round "1.43"]
[White "Usharovsky, Ron"]
[Black "Fung, Marcus"]
[Result "1-0"]
[TimeControl "G50' + 10\" per move."]
[WhiteFideId "64300773"]
[BlackFideId "343413269"]
[WhiteElo "1958"]
[BlackElo "1739"]

1. e4 {[%clk 00:50:17]} {[%emt 00:00:03]} g6 {[%clk 00:50:15]} {[%emt
00:00:05]} 2. d4 {[%clk 00:50:10]} {[%emt 00:00:17]} Bg7 {[%clk 00:50:20]}
{[%emt 00:00:05]} 3. c4 {[%clk 00:49:47]} {[%emt 00:00:34]} d6 {[%clk
00:50:19]} {[%emt 00:00:10]} 4. Nc3 {[%clk 00:49:36]} {[%emt 00:00:21]} Nd7
{[%clk 00:50:16]} {[%emt 00:00:14]} 5. Nf3 {[%clk 00:49:20]} {[%emt 00:00:26]}
c5 {[%clk 00:50:06]} {[%emt 00:00:19]} 6. Be3 {[%clk 00:48:18]} {[%emt
00:01:12]} b6 {[%clk 00:49:44]} {[%emt 00:00:33]} 7. g3 {[%clk 00:45:24]}
{[%emt 00:03:04]} Bb7 {[%clk 00:49:36]} {[%emt 00:00:18]} 8. d5 {[%clk
00:44:44]} {[%emt 00:00:50]} Ngf6 {[%clk 00:49:26]} {[%emt 00:00:19]} 9. Qd2
{[%clk 00:44:00]} {[%emt 00:00:54]} Ng4 {[%clk 00:49:07]} {[%emt 00:00:30]} 10.
Bf4 {[%clk 00:38:13]} {[%emt 00:05:57]} Nde5 {[%clk 00:46:12]} {[%emt
00:03:05]} 11. Nxe5 {[%clk 00:37:10]} {[%emt 00:01:12]} Nxe5 {[%clk 00:45:48]}
{[%emt 00:00:34]} 12. O-O-O {[%clk 00:36:40]} {[%emt 00:00:40]} a5 {[%clk
00:41:53]} {[%emt 00:04:05]} 13. Bh6 {[%clk 00:35:07]} {[%emt 00:01:42]} O-O
{[%clk 00:38:15]} {[%emt 00:03:48]} 14. Be2 {[%clk 00:32:52]} {[%emt 00:02:26]}
a4 {[%clk 00:37:20]} {[%emt 00:01:05]} 15. Bxg7 {[%clk 00:32:22]} {[%emt
00:00:40]} Kxg7 {[%clk 00:37:15]} {[%emt 00:00:13]} 16. f4 {[%clk 00:32:16]}
{[%emt 00:00:17]} Nd7 {[%clk 00:36:43]} {[%emt 00:00:43]} 17. h4 {[%clk
00:31:29]} {[%emt 00:00:56]} Nf6 {[%clk 00:31:32]} {[%emt 00:05:21]} 18. h5
{[%clk 00:28:36]} {[%emt 00:03:03]} e5 {[%clk 00:27:52]} {[%emt 00:03:50]} 19.
hxg6 {[%clk 00:26:56]} {[%emt 00:01:50]} fxg6 {[%clk 00:27:37]} {[%emt
00:00:24]} 20. fxe5 {[%clk 00:26:15]} {[%emt 00:00:51]} dxe5 {[%clk 00:27:30]}
{[%emt 00:00:17]} 21. Qh6+ {[%clk 00:25:01]} {[%emt 00:01:22]} Kf7 {[%clk
00:25:39]} {[%emt 00:02:02]} 22. Rdf1 {[%clk 00:24:02]} {[%emt 00:01:10]} Ke7
{[%clk 00:25:21]} {[%emt 00:00:27]} 23. Qg5 {[%clk 00:22:46]} {[%emt 00:01:25]}
Kd7 {[%clk 00:24:42]} {[%emt 00:00:50]} 24. Bg4+ {[%clk 00:13:39]} {[%emt
00:09:17]} Nxg4 {[%clk 00:17:57]} {[%emt 00:06:54]} 25. Rxh7+ {[%clk 00:13:01]}
{[%emt 00:00:48]} Kc8 {[%clk 00:17:57]} {[%emt 00:00:11]} 26. Qxg4+ {[%clk
00:13:02]} {[%emt 00:00:09]} Kb8 {[%clk 00:17:50]} {[%emt 00:00:17]} 27. Rhf7
{[%clk 00:11:17]} {[%emt 00:01:55]} Rxf7 {[%clk 00:15:45]} {[%emt 00:02:15]} 28.
Rxf7 {[%clk 00:11:26]} {[%emt 00:00:02]} Bc8 {[%clk 00:15:27]} {[%emt
00:00:27]} 29. Qxg6 {[%clk 00:10:56]} {[%emt 00:00:40]} Ra7 {[%clk 00:14:37]}
{[%emt 00:01:00]} 30. Rf6 {[%clk 00:08:55]} {[%emt 00:02:12]} Rb7 {[%clk
00:14:03]} {[%emt 00:00:43]} 31. Nxa4 {[%clk 00:08:26]} {[%emt 00:00:39]} Ka7
{[%clk 00:13:32]} {[%emt 00:00:41]} 32. Nc3 {[%clk 00:08:08]} {[%emt 00:00:29]}
Bd7 {[%clk 00:13:30]} {[%emt 00:00:12]} 33. Rf7 {[%clk 00:05:53]} {[%emt
00:02:25]} Ka6 {[%clk 00:12:07]} {[%emt 00:01:33]} 34. Nb5 {[%clk 00:04:58]}
{[%emt 00:01:05]} Bc8 {[%clk 00:06:30]} {[%emt 00:05:47]} 35. Rf3 {[%clk
00:04:29]} {[%emt 00:00:38]} Re7 {[%clk 00:05:30]} {[%emt 00:01:10]} 36. Qc6
{[%clk 00:03:55]} {[%emt 00:00:44]} Ka5 {[%clk 00:04:35]} {[%emt 00:01:05]} 37.
Na7 {[%clk 00:03:37]} {[%emt 00:00:27]} Bd7 {[%clk 00:03:52]} {[%emt 00:00:53]}
38. Ra3+ {[%clk 00:03:32]} {[%emt 00:00:15]} Kb4 {[%clk 00:03:56]} {[%emt
00:00:05]} 39. Ra4# {[%clk 00:03:39]} {[%emt 00:00:04]} 1-0

[Event "English Schools Championship Final 2024"]
[Site "Nottingham University Kings Meadow Campus, United Kingdom"]
[Date "2024.06.27"]
[Round "1.44"]
[White "McGuigan-Lazo, Leon"]
[Black "Hammond, Ben"]
[Result "0-1"]
[TimeControl "G50' + 10\" per move."]
[BlackFideId "452696"]
[WhiteElo "1712"]
[BlackElo "1921"]

1. d4 {[%clk 00:50:17]} {[%emt 00:00:02]} d5 {[%clk 00:50:14]} {[%emt
00:00:07]} 2. c4 {[%clk 00:50:17]} {[%emt 00:00:10]} e6 {[%clk 00:50:20]}
{[%emt 00:00:04]} 3. Nc3 {[%clk 00:50:11]} {[%emt 00:00:16]} Nf6 {[%clk
00:50:24]} {[%emt 00:00:05]} 4. Bg5 {[%clk 00:50:03]} {[%emt 00:00:18]} dxc4
{[%clk 00:50:24]} {[%emt 00:00:11]} 5. e4 {[%clk 00:48:13]} {[%emt 00:02:00]}
Be7 {[%clk 00:50:19]} {[%emt 00:00:14]} 6. Bxc4 {[%clk 00:47:28]} {[%emt
00:00:54]} a6 {[%clk 00:50:12]} {[%emt 00:00:18]} 7. a3 {[%clk 00:46:23]}
{[%emt 00:01:16]} b5 {[%clk 00:50:09]} {[%emt 00:00:12]} 8. Ba2 {[%clk
00:46:26]} {[%emt 00:00:07]} Bb7 {[%clk 00:49:59]} {[%emt 00:00:19]} 9. Bb1
{[%clk 00:43:21]} {[%emt 00:03:15]} c5 {[%clk 00:45:26]} {[%emt 00:04:43]} 10.
Nf3 {[%clk 00:36:48]} {[%emt 00:06:43]} Nbd7 {[%clk 00:42:24]} {[%emt
00:03:12]} 11. O-O {[%clk 00:36:19]} {[%emt 00:00:38]} b4 {[%clk 00:36:17]}
{[%emt 00:06:17]} 12. axb4 {[%clk 00:35:29]} {[%emt 00:01:00]} cxb4 {[%clk
00:36:17]} {[%emt 00:00:10]} 13. e5 {[%clk 00:34:46]} {[%emt 00:00:54]} bxc3
{[%clk 00:33:38]} {[%emt 00:02:49]} 14. exf6 {[%clk 00:34:42]} {[%emt
00:00:13]} Bxf6 {[%clk 00:31:29]} {[%emt 00:02:20]} 15. Bxf6 {[%clk 00:34:28]}
{[%emt 00:00:25]} Qxf6 {[%clk 00:20:39]} {[%emt 00:11:00]} 16. bxc3 {[%clk
00:33:59]} {[%emt 00:00:39]} Rc8 {[%clk 00:19:59]} {[%emt 00:00:51]} 17. Ra3
{[%clk 00:31:57]} {[%emt 00:02:11]} O-O {[%clk 00:18:55]} {[%emt 00:01:15]} 18.
Bd3 {[%clk 00:30:03]} {[%emt 00:02:03]} Rfd8 {[%clk 00:16:45]} {[%emt
00:02:20]} 19. Qe2 {[%clk 00:26:56]} {[%emt 00:03:17]} a5 {[%clk 00:11:35]}
{[%emt 00:05:20]} 20. Be4 {[%clk 00:26:28]} {[%emt 00:00:37]} Bxe4 {[%clk
00:09:52]} {[%emt 00:01:53]} 21. Qxe4 {[%clk 00:26:29]} {[%emt 00:00:10]} Nb6
{[%clk 00:09:11]} {[%emt 00:00:52]} 22. Ne5 {[%clk 00:23:06]} {[%emt 00:03:32]}
Nc4 {[%clk 00:08:39]} {[%emt 00:00:42]} 23. Nxc4 {[%clk 00:22:40]} {[%emt
00:00:36]} Rxc4 {[%clk 00:08:46]} {[%emt 00:00:03]} 24. Qd3 {[%clk 00:22:14]}
{[%emt 00:00:36]} Rdc8 {[%clk 00:07:29]} {[%emt 00:01:27]} 25. Rxa5 {[%clk
00:22:20]} {[%emt 00:00:04]} g6 {[%clk 00:07:24]} {[%emt 00:00:16]} 26. Ra3
{[%clk 00:20:43]} {[%emt 00:01:46]} Qe7 {[%clk 00:03:47]} {[%emt 00:03:48]} 27.
Rfa1 {[%clk 00:20:47]} {[%emt 00:00:05]} Qc7 {[%clk 00:03:37]} {[%emt
00:00:21]} 28. Rc1 {[%clk 00:18:58]} {[%emt 00:01:59]} Qf4 {[%clk 00:03:26]}
{[%emt 00:00:20]} 29. Qe3 {[%clk 00:18:37]} {[%emt 00:00:31]} Qxd4 {[%clk
00:02:55]} {[%emt 00:00:42]} 30. Ra8 {[%clk 00:13:50]} {[%emt 00:04:56]} Qxe3
{[%clk 00:02:29]} {[%emt 00:00:37]} 31. Rxc8+ {[%clk 00:13:50]} {[%emt
00:00:09]} Rxc8 {[%clk 00:02:35]} {[%emt 00:00:05]} 32. fxe3 {[%clk 00:13:49]}
{[%emt 00:00:10]} Kg7 {[%clk 00:02:43]} {[%emt 00:00:02]} 33. c4 {[%clk
00:13:10]} {[%emt 00:00:48]} Kf6 {[%clk 00:02:25]} {[%emt 00:00:28]} 34. Kf2
{[%clk 00:13:07]} {[%emt 00:00:12]} Ke5 {[%clk 00:02:17]} {[%emt 00:00:19]} 35.
Kf3 {[%clk 00:12:51]} {[%emt 00:00:27]} h5 {[%clk 00:02:09]} {[%emt 00:00:18]}
36. c5 {[%clk 00:12:06]} {[%emt 00:00:54]} f5 {[%clk 00:01:22]} {[%emt
00:00:58]} 37. h4 {[%clk 00:10:31]} {[%emt 00:01:44]} Rc6 {[%clk 00:01:19]}
{[%emt 00:00:13]} 38. Rc2 {[%clk 00:10:13]} {[%emt 00:00:28]} Kf6 {[%clk
00:01:24]} {[%emt 00:00:05]} 39. Ke2 {[%clk 00:07:55]} {[%emt 00:02:28]} Ke5
{[%clk 00:01:17]} {[%emt 00:00:18]} 40. g3 {[%clk 00:07:48]} {[%emt 00:00:16]}
Kd5 {[%clk 00:01:07]} {[%emt 00:00:20]} 41. Kf3 {[%clk 00:07:22]} {[%emt
00:00:36]} Ke5 {[%clk 00:00:43]} {[%emt 00:00:35]} 42. Rc1 {[%clk 00:07:16]}
{[%emt 00:00:15]} Kf6 {[%clk 00:00:48]} {[%emt 00:00:06]} 43. Kf4 {[%clk
00:06:27]} {[%emt 00:00:59]} e5+ {[%clk 00:00:52]} {[%emt 00:00:06]} 44. Kf3
{[%clk 00:06:21]} {[%emt 00:00:16]} Ke6 {[%clk 00:00:43]} {[%emt 00:00:19]} 45.
e4 {[%clk 00:05:09]} {[%emt 00:01:22]} Kf6 {[%clk 00:00:43]} {[%emt 00:00:10]}
46. Rc4 {[%clk 00:04:19]} {[%emt 00:00:59]} Ke6 {[%clk 00:00:14]} {[%emt
00:00:40]} 47. exf5+ {[%clk 00:03:00]} {[%emt 00:01:28]} gxf5 {[%clk 00:00:19]}
{[%emt 00:00:05]} 48. Rc1 {[%clk 00:02:25]} {[%emt 00:00:46]} Kd5 {[%clk
00:00:25]} {[%emt 00:00:04]} 49. Ke3 {[%clk 00:02:18]} {[%emt 00:00:17]} Rxc5
{[%clk 00:00:30]} {[%emt 00:00:04]} 50. Rxc5+ {[%clk 00:02:26]} {[%emt
00:00:02]} Kxc5 {[%clk 00:00:38]} {[%emt 00:00:02]} 0-1

[Event "English Schools Championship Final 2024"]
[Site "Nottingham University Kings Meadow Campus, United Kingdom"]
[Date "2024.06.27"]
[Round "1.45"]
[White "Lam, Isaac"]
[Black "Wen, Marlon"]
[Result "1-0"]
[TimeControl "G50' + 10\" per move."]
[WhiteFideId "343413110"]
[WhiteElo "1563"]
[BlackElo "1637"]

1. e4 {[%clk 00:50:19]} c5 {[%clk 00:50:18]} {[%emt 00:00:02]} 2. Nf3 {[%clk
00:50:24]} {[%emt 00:00:05]} Nc6 {[%clk 00:50:23]} {[%emt 00:00:05]} 3. d4
{[%clk 00:50:31]} {[%emt 00:00:03]} cxd4 {[%clk 00:50:28]} {[%emt 00:00:05]} 4.
Nxd4 {[%clk 00:50:39]} {[%emt 00:00:03]} Nf6 {[%clk 00:50:28]} {[%emt
00:00:09]} 5. Nc3 {[%clk 00:50:45]} {[%emt 00:00:04]} e5 {[%clk 00:50:32]}
{[%emt 00:00:06]} 6. Ndb5 {[%clk 00:50:51]} {[%emt 00:00:03]} d6 {[%clk
00:50:28]} {[%emt 00:00:14]} 7. Bg5 {[%clk 00:50:57]} {[%emt 00:00:04]} a6
{[%clk 00:50:14]} {[%emt 00:00:25]} 8. Na3 {[%clk 00:51:03]} {[%emt 00:00:04]}
Be7 {[%clk 00:50:18]} {[%emt 00:00:06]} 9. Bxf6 {[%clk 00:50:39]} {[%emt
00:00:33]} Bxf6 {[%clk 00:50:21]} {[%emt 00:00:07]} 10. Be2 {[%clk 00:50:02]}
{[%emt 00:00:47]} Be6 {[%clk 00:48:31]} {[%emt 00:02:00]} 11. Nc4 {[%clk
00:49:30]} {[%emt 00:00:43]} Nd4 {[%clk 00:46:41]} {[%emt 00:02:00]} 12. Ne3
{[%clk 00:48:55]} {[%emt 00:00:45]} Bg5 {[%clk 00:44:49]} {[%emt 00:02:02]} 13.
Ned5 {[%clk 00:48:04]} {[%emt 00:01:01]} O-O {[%clk 00:41:33]} {[%emt
00:03:26]} 14. O-O {[%clk 00:47:21]} {[%emt 00:00:53]} Rc8 {[%clk 00:39:27]}
{[%emt 00:02:16]} 15. Bd3 {[%clk 00:44:35]} {[%emt 00:02:56]} f5 {[%clk
00:37:34]} {[%emt 00:02:03]} 16. exf5 {[%clk 00:41:45]} {[%emt 00:02:59]} Bxf5
{[%clk 00:36:50]} {[%emt 00:00:54]} 17. Ne4 {[%clk 00:32:36]} {[%emt 00:09:19]}
Be6 {[%clk 00:32:19]} {[%emt 00:04:41]} 18. Nxg5 {[%clk 00:31:02]} {[%emt
00:01:43]} Qxg5 {[%clk 00:31:53]} {[%emt 00:00:37]} 19. Be4 {[%clk 00:30:10]}
{[%emt 00:01:01]} Rcd8 {[%clk 00:25:15]} {[%emt 00:06:49]} 20. c3 {[%clk
00:29:29]} {[%emt 00:00:51]} Nc6 {[%clk 00:24:25]} {[%emt 00:01:00]} 21. Qd3
{[%clk 00:28:47]} {[%emt 00:00:52]} Bf5 {[%clk 00:23:02]} {[%emt 00:01:34]} 22.
Bxf5 {[%clk 00:28:02]} {[%emt 00:00:55]} Qxf5 {[%clk 00:23:01]} {[%emt
00:00:12]} 23. Rad1 {[%clk 00:27:19]} {[%emt 00:00:53]} Qxd3 {[%clk 00:21:12]}
{[%emt 00:01:59]} 24. Rxd3 {[%clk 00:27:23]} {[%emt 00:00:06]} Kf7 {[%clk
00:20:26]} {[%emt 00:00:56]} 25. Rfd1 {[%clk 00:26:43]} {[%emt 00:00:51]} Ke6
{[%clk 00:14:49]} {[%emt 00:05:47]} 26. g3 {[%clk 00:25:40]} {[%emt 00:01:13]}
Ne7 {[%clk 00:13:27]} {[%emt 00:01:32]} 27. Nxe7 {[%clk 00:25:00]} {[%emt
00:00:50]} Kxe7 {[%clk 00:13:32]} {[%emt 00:00:05]} 28. Kg2 {[%clk 00:24:50]}
{[%emt 00:00:20]} Rf6 {[%clk 00:13:03]} {[%emt 00:00:39]} 29. c4 {[%clk
00:24:22]} {[%emt 00:00:38]} g5 {[%clk 00:12:06]} {[%emt 00:01:07]} 30. h3
{[%clk 00:22:45]} {[%emt 00:01:47]} Rdf8 {[%clk 00:11:03]} {[%emt 00:01:12]} 31.
R1d2 {[%clk 00:22:32]} {[%emt 00:00:24]} R8f7 {[%clk 00:10:24]} {[%emt
00:00:49]} 32. Rb3 {[%clk 00:20:45]} {[%emt 00:01:57]} Kd8 {[%clk 00:08:15]}
{[%emt 00:02:19]} 33. c5 {[%clk 00:19:21]} {[%emt 00:01:33]} Kc7 {[%clk
00:08:16]} {[%emt 00:00:09]} 34. cxd6+ {[%clk 00:19:25]} {[%emt 00:00:06]} Rxd6
{[%clk 00:06:08]} {[%emt 00:02:19]} 35. Rxb7+ {[%clk 00:18:54]} {[%emt
00:00:41]} Kxb7 {[%clk 00:05:13]} {[%emt 00:01:05]} 36. Rxd6 {[%clk 00:19:02]}
Rc7 {[%clk 00:04:55]} {[%emt 00:00:28]} 37. Re6 {[%clk 00:18:03]} {[%emt
00:01:09]} Rc2 {[%clk 00:04:25]} {[%emt 00:00:41]} 38. Rxe5 {[%clk 00:17:48]}
{[%emt 00:00:25]} h6 {[%clk 00:03:38]} {[%emt 00:00:56]} 39. Re3 {[%clk
00:17:00]} {[%emt 00:00:58]} a5 {[%clk 00:02:48]} {[%emt 00:01:00]} 40. Rb3+
{[%clk 00:15:51]} {[%emt 00:01:18]} Ka6 {[%clk 00:02:44]} {[%emt 00:00:14]} 41.
Kf3 {[%clk 00:15:16]} {[%emt 00:00:44]} a4 {[%clk 00:02:36]} {[%emt 00:00:20]}
42. Rb4 {[%clk 00:15:01]} {[%emt 00:00:20]} Ka5 {[%clk 00:02:36]} {[%emt
00:00:14]} 43. a3 {[%clk 00:15:04]} {[%emt 00:00:07]} h5 {[%clk 00:02:05]}
{[%emt 00:00:41]} 44. h4 {[%clk 00:13:22]} {[%emt 00:01:52]} g4+ {[%clk
00:02:03]} {[%emt 00:00:12]} 45. Kf4 {[%clk 00:13:16]} {[%emt 00:00:12]} Rc5
{[%clk 00:01:07]} {[%emt 00:01:09]} 46. f3 {[%clk 00:12:31]} {[%emt 00:00:55]}
gxf3 {[%clk 00:01:15]} {[%emt 00:00:02]} 47. Kxf3 {[%clk 00:12:32]} {[%emt
00:00:09]} Rf5+ {[%clk 00:01:22]} {[%emt 00:00:03]} 48. Kg2 {[%clk 00:12:18]}
{[%emt 00:00:23]} Rd5 {[%clk 00:00:57]} {[%emt 00:00:36]} 49. g4 {[%clk
00:11:51]} {[%emt 00:00:37]} hxg4 {[%clk 00:00:55]} {[%emt 00:00:12]} 50. Kg3
{[%clk 00:11:51]} {[%emt 00:00:09]} Rb5 {[%clk 00:00:54]} {[%emt 00:00:11]} 51.
Rxb5+ {[%clk 00:11:53]} {[%emt 00:00:08]} Kxb5 {[%clk 00:01:03]} {[%emt
00:00:02]} 52. h5 {[%clk 00:11:46]} {[%emt 00:00:15]} Kc4 {[%clk 00:01:12]}
{[%emt 00:00:02]} 53. h6 {[%clk 00:11:52]} {[%emt 00:00:04]} Kb3 {[%clk
00:01:21]} {[%emt 00:00:02]} 54. h7 {[%clk 00:11:56]} {[%emt 00:00:05]} Kxb2
{[%clk 00:01:29]} {[%emt 00:00:02]} 55. h8=Q+ {[%clk 00:11:55]} {[%emt
00:00:12]} Kxa3 {[%clk 00:01:36]} {[%emt 00:00:02]} 56. Qa1+ {[%clk 00:11:55]}
{[%emt 00:00:09]} 1-0

[Event "English Schools Championship Final 2024"]
[Site "Nottingham University Kings Meadow Campus, United Kingdom"]
[Date "2024.06.27"]
[Round "1.46"]
[White "Walsh, Zac"]
[Black "Linton, Anixton"]
[Result "1/2-1/2"]
[TimeControl "G50' + 10\" per move."]
[BlackFideId "343105250"]
[WhiteElo "1617"]
[BlackElo "1608"]

1. d4 {[%clk 00:50:18]} {[%emt 00:00:02]} c5 {[%clk 00:50:10]} {[%emt
00:00:10]} 2. d5 {[%clk 00:50:16]} {[%emt 00:00:11]} Nf6 {[%clk 00:50:14]}
{[%emt 00:00:06]} 3. Nc3 {[%clk 00:50:02]} {[%emt 00:00:24]} d6 {[%clk
00:50:12]} {[%emt 00:00:13]} 4. e4 {[%clk 00:49:40]} {[%emt 00:00:31]} g6
{[%clk 00:50:12]} {[%emt 00:00:10]} 5. Nf3 {[%clk 00:48:48]} {[%emt 00:01:02]}
Bg4 {[%clk 00:50:08]} {[%emt 00:00:15]} 6. Be2 {[%clk 00:48:15]} {[%emt
00:00:43]} Nbd7 {[%clk 00:49:39]} {[%emt 00:00:38]} 7. h3 {[%clk 00:47:47]}
{[%emt 00:00:39]} Bxf3 {[%clk 00:49:35]} {[%emt 00:00:14]} 8. Bxf3 {[%clk
00:47:48]} {[%emt 00:00:07]} Bg7 {[%clk 00:49:34]} {[%emt 00:00:13]} 9. O-O
{[%clk 00:47:13]} {[%emt 00:00:44]} O-O {[%clk 00:48:37]} {[%emt 00:01:07]} 10.
Bf4 {[%clk 00:46:22]} {[%emt 00:01:01]} Qb6 {[%clk 00:47:32]} {[%emt 00:01:15]}
11. Rb1 {[%clk 00:45:02]} {[%emt 00:01:31]} Ne8 {[%clk 00:44:59]} {[%emt
00:02:42]} 12. Qd2 {[%emt 00:06:49]} e5 {[%clk 00:39:38]} 13. dxe6 {[%clk
00:42:47]} {[%emt 00:01:15]} fxe6 {[%clk 00:39:39]} {[%emt 00:00:10]} 14. Rfd1
{[%clk 00:41:08]} {[%emt 00:01:49]} Ne5 {[%clk 00:35:31]} {[%emt 00:04:18]} 15.
Be2 {[%clk 00:37:19]} {[%emt 00:03:59]} Rd8 {[%clk 00:32:43]} {[%emt 00:02:59]}
16. Bg3 {[%clk 00:32:18]} {[%emt 00:05:11]} a6 {[%clk 00:28:08]} {[%emt
00:04:44]} 17. a3 {[%clk 00:29:40]} {[%emt 00:02:48]} Nc6 {[%clk 00:23:54]}
{[%emt 00:04:24]} 18. Bc4 {[%clk 00:27:23]} {[%emt 00:02:27]} Be5 {[%clk
00:18:41]} {[%emt 00:05:23]} 19. Bxe6+ {[%clk 00:25:32]} {[%emt 00:01:59]} Kh8
{[%clk 00:18:50]} {[%emt 00:00:03]} 20. Nd5 {[%clk 00:22:47]} {[%emt 00:02:55]}
Qa7 {[%clk 00:17:37]} {[%emt 00:01:22]} 21. Bh4 {[%clk 00:21:09]} {[%emt
00:01:47]} Nf6 {[%clk 00:16:15]} {[%emt 00:01:33]} 22. Nxf6 {[%clk 00:15:53]}
{[%emt 00:05:25]} Bxf6 {[%clk 00:16:19]} {[%emt 00:00:07]} 23. Bxf6+ {[%clk
00:15:22]} {[%emt 00:00:40]} Rxf6 {[%clk 00:16:23]} {[%emt 00:00:08]} 24. Bb3
{[%clk 00:14:59]} {[%emt 00:00:32]} Rdf8 {[%clk 00:15:51]} {[%emt 00:00:43]} 25.
Rf1 {[%clk 00:13:04]} {[%emt 00:02:04]} Ne5 {[%clk 00:13:34]} {[%emt 00:02:27]}
26. Rbd1 {[%clk 00:12:29]} {[%emt 00:00:45]} c4 {[%clk 00:13:25]} {[%emt
00:00:19]} 27. Ba2 {[%clk 00:12:15]} {[%emt 00:00:24]} Qc5 {[%clk 00:12:58]}
{[%emt 00:00:37]} 28. Qd5 {[%clk 00:10:57]} {[%emt 00:01:28]} Rxf2 {[%clk
00:10:28]} {[%emt 00:02:40]} 29. Qxc5 {[%clk 00:10:31]} {[%emt 00:00:33]} Rxf1+
{[%clk 00:10:30]} {[%emt 00:00:11]} 30. Rxf1 {[%clk 00:10:25]} {[%emt
00:00:14]} Rxf1+ {[%clk 00:10:36]} {[%emt 00:00:05]} 31. Kxf1 {[%clk 00:10:28]}
{[%emt 00:00:06]} dxc5 {[%clk 00:10:29]} {[%emt 00:00:18]} 32. Ke2 {[%clk
00:10:11]} {[%emt 00:00:27]} Kg7 {[%clk 00:10:04]} {[%emt 00:00:35]} 33. Ke3
{[%clk 00:10:13]} {[%emt 00:00:08]} g5 {[%clk 00:09:51]} {[%emt 00:00:23]} 34.
b3 {[%clk 00:09:41]} {[%emt 00:00:41]} cxb3 {[%clk 00:07:18]} {[%emt 00:02:43]}
35. cxb3 {[%clk 00:09:05]} {[%emt 00:00:44]} a5 {[%clk 00:06:31]} {[%emt
00:01:00]} 36. a4 {[%clk 00:08:26]} {[%emt 00:00:49]} b6 {[%clk 00:05:47]}
{[%emt 00:01:11]} 37. Bb1 {[%clk 00:08:09]} {[%emt 00:00:29]} Kf6 {[%clk
00:05:37]} {[%emt 00:00:22]} 38. Bd3 {[%clk 00:07:19]} {[%emt 00:00:59]} h6
{[%clk 00:04:28]} {[%emt 00:01:20]} 39. g3 {[%clk 00:06:40]} {[%emt 00:00:48]}
Kg6 {[%clk 00:04:06]} {[%emt 00:00:33]} 40. Be2 {[%clk 00:06:18]} {[%emt
00:00:32]} Kf6 {[%clk 00:03:54]} {[%emt 00:00:22]} 41. h4 {[%clk 00:06:01]}
{[%emt 00:00:27]} Kg6 {[%clk 00:04:00]} {[%emt 00:00:04]} 42. hxg5 {[%clk
00:05:03]} {[%emt 00:01:08]} hxg5 {[%clk 00:04:07]} {[%emt 00:00:04]} 1/2-1/2